| 000 | 05419nam a22004457a 4500 | ||
|---|---|---|---|
| 005 | 20120104143410.0 | ||
| 008 | 120104t xxu||||| |||| 00| 0 eng d | ||
| 010 | _aB-473302-317 | ||
| 020 |
_c175.00 _a9788189486242 |
||
| 035 | _aB-473302-317 | ||
| 037 | _bब्लूबेरी बुक्स | ||
| 082 | _aक | ||
| 245 |
_aरवीन्द्रनाथ ठाकुर की बाल कहानियाँ / _cदरवेश 'भारती' द्वारा संपादित |
||
| 246 |
_aRavindranath Thakur Ke Bal Kahaniyan _bEdited by Darvesh Bharti |
||
| 260 |
_aदिल्ली _bकादम्बरी प्रकाशन _c2011 |
||
| 270 |
_a5451, शिव मार्किट, न्यू चन्द्रावल, जवाहर नगर _bदिल्ली _e110007 _k011-65352060 |
||
| 300 |
_a96पृ _c24सेमी (सजिल्द) _bसचित्र |
||
| 650 |
_aChildren's Stories, Hindi _938215 |
||
| 650 |
_aबाल कथाएँ, हिन्दी _938216 |
||
| 700 |
_aभारती, दरवेश _938217 |
||
| 942 |
_adpl _cCH _2ddc _hक _mरवीन्द्र |
||
| 999 |
_c60279 _d60279 |
||